Central Library OPAC University of Rajshahi

A text-book of jurisprudence / (Record no. 45564)

MARC details
000 -LEADER
fixed length control field 00766nam a2200253 a 4500
001 - CONTROL NUMBER
control field 45564
003 - CONTROL NUMBER IDENTIFIER
rucl marc code BD-RjUL
005 - DATE AND TIME OF LATEST TRANSACTION
control field 20211209054032.0
008 - FIXED-LENGTH DATA ELEMENTS--GENERAL INFORMATION
fixed length control field 160727s1972 enk 000 0 eng d
035 ## - SYSTEM CONTROL NUMBER
System control number (BD-RjUL)45682
040 ## - CATALOGING SOURCE
Original cataloging agency CUY
Transcribing agency CUY
Modifying agency EQO
-- BD-RjUL
Language of cataloging eng
041 ## - LANGUAGE CODE
Language code of text/sound track or separate title eng
082 ## - DEWEY DECIMAL CLASSIFICATION NUMBER
Edition number 23
Classification number 340
Author mark and year PAT 1972
100 1# - MAIN ENTRY--PERSONAL NAME
Personal name Paton, George Whitecross
Dates associated with a name 1902-
9 (RLIN) 139480
245 12 - TITLE STATEMENT
Title A text-book of jurisprudence /
Statement of responsibility, etc. George Whitecross Paton, edited by G. W. Paton and David P. Derham
250 ## - EDITION STATEMENT
Edition statement 4th ed.
260 ## - PUBLICATION, DISTRIBUTION, ETC. (IMPRINT)
Place of publication, distribution, etc. Oxford :
Name of publisher, distributor, etc. Clarendon Press,
Date of publication, distribution, etc. 1972
300 ## - PHYSICAL DESCRIPTION
Pagination xvii, 6597 p. ;
Size 24 cm.
500 ## - GENERAL NOTE
General note Includes Index
650 #0 - SUBJECT ADDED ENTRY--TOPICAL TERM
Topical term or geographic name as entry element Jurisprudence
9 (RLIN) 139481
Topical term or geographic name as entry element Rechtsphilosophie.
9 (RLIN) 139482
700 ## - ADDED ENTRY--PERSONAL NAME
Personal name Derham, David P.
942 ## - ADDED ENTRY ELEMENTS (KOHA)
Source of classification or shelving scheme Dewey Decimal Classification
Koha item type Books
Holdings
Lost status Source of classification or shelving scheme Damaged status Not for loan Collection code Permanent Location Current Location Shelving location Date acquired Source of acquisition Cost, normal purchase price Total Checkouts Full call number Date last seen Copy number Koha item type
  Dewey Decimal Classification     Non-fiction Central Library, University of Rajshahi Central Library, University of Rajshahi   02/08/1975 Jonathan waren and com. 5.25   340 PAT 1972 27/07/2016 C-2 Books
  Dewey Decimal Classification     Non-fiction Central Library, University of Rajshahi Central Library, University of Rajshahi   29/04/1974 oxford university press 40.80   340 PAT 1972 27/07/2016 C-3 Books
  Dewey Decimal Classification     Non-fiction Central Library, University of Rajshahi Central Library, University of Rajshahi   29/04/1974 oxford university press 40.80   340 PAT 1972 27/07/2016 C-4 Books